书目信息 |
| 题名: |
华北典型盆地地区海绵城市建设模式研究
|
|
| 作者: | 侯精明 著 | |
| 分册: | ||
| 出版信息: | 北京 科学出版社 2025.06 |
|
| 页数: | 137页 | |
| 开本: | 25cm | |
| 丛书名: | ||
| 单 册: | ||
| 中图分类: | TU984.225.3 , TU984.22 | |
| 科图分类: | ||
| 主题词: | 盆地--pen di--城市建设--研究--山西省--长治市 | |
| 电子资源: | ||
| ISBN: | 978-7-03-081779-2 | |
| 000 | 01006nam0 2200265 450 | |
| 001 | 95192 | |
| 005 | 20250901203043.56 | |
| 010 | @a978-7-03-081779-2@b精装@dCNY128.00 | |
| 100 | @a20250729d2025 em y0chiy50 ea | |
| 101 | 0 | @achi |
| 102 | @aCN@b110000 | |
| 105 | @aak a 000yy | |
| 106 | @ar | |
| 200 | 1 | @a华北典型盆地地区海绵城市建设模式研究@Ahua bei dian xing pen di di qu hai mian cheng shi jian she mo shi yan jiu@e以长治市为例@f侯精明 ... 等著 |
| 210 | @a北京@c科学出版社@d2025.06 | |
| 215 | @a137页@c图, 地图@d25cm | |
| 304 | @a题名页题其余责任者: 孙维全, 孙学良, 晁智龙等 | |
| 320 | @a有书目 | |
| 330 | @a本书针对华北典型盆地地区海绵城市建设中存在的地基基础、固废利用和可持续发展模式的问题, 介绍海绵城市适应性工程及产业技术方法、建设管理和全域推广模式。 | |
| 606 | 0 | @a盆地@Apen di@x城市建设@x研究@y山西省@y长治市 |
| 690 | @aTU984.225.3@v5 | |
| 690 | @aTU984.22@v4 | |
| 701 | 0 | @a侯精明@Ahou jing ming@4著 |
| 801 | 0 | @aCN@c20250909 |
| 905 | @a河南城建学院图书馆@dTU984.22@eH424@f1 | |
| 华北典型盆地地区海绵城市建设模式研究:以长治市为例/侯精明 ... 等著.-北京:科学出版社,2025.06 |
| 137页:图, 地图;25cm |
| ISBN 978-7-03-081779-2(精装):CNY128.00 |
| 本书针对华北典型盆地地区海绵城市建设中存在的地基基础、固废利用和可持续发展模式的问题, 介绍海绵城市适应性工程及产业技术方法、建设管理和全域推广模式。 |
| ● |
| 相关链接 |
|
|
|
正题名:华北典型盆地地区海绵城市建设模式研究
索取号:TU984.22/H424
 
预约/预借
| 序号 | 登录号 | 条形码 | 馆藏地/架位号 | 状态 | 备注 |
| 1 | 1629250 | 216292508 | 建筑库201/201建筑库 95排1列1层/ [索取号:TU984.22/H424] | 在馆 |